LIBRARY & INFORMATION CENTRE, KCAET, TAVANUR

ONLINE PUBLIC ACCESS CATALOGUE (OPAC)

Text book on algebra and theory of equations / (Record no. 9412)

MARC details
000 -LEADER
fixed length control field 00736cam a2200301ua 4500
041 ## - LANGUAGE CODE
Language code of text/sound track or separate title eng
082 ## - DEWEY DECIMAL CLASSIFICATION NUMBER
Classification number 512
Item number CHA/TE
100 ## - MAIN ENTRY--AUTHOR NAME
Personal name Chandrika , Prasad .
245 ## - TITLE STATEMENT
Title Text book on algebra and theory of equations /
250 ## - EDITION STATEMENT
Edition statement 6 /
260 ## - PUBLICATION, DISTRIBUTION, ETC. (IMPRINT)
Place of publication Allahabad :
Name of publisher Pothishala Private Ltd. ,
Year of publication 1966.
300 ## - PHYSICAL DESCRIPTION
Number of Pages 296 ; .
942 ## - ADDED ENTRY ELEMENTS (KOHA)
Koha item type Books
Holdings
Withdrawn status Lost status Damaged status Home library Current library Date acquired Full call number Accession Number Koha item type
Withdrawn     KAUAET KAUAET 07/04/2012 512 10484 A Books
Withdrawn     KAUAET KAUAET 07/04/2012 512 10484 B Books
Withdrawn     KAUAET KAUAET 07/04/2012 512 10484 C Books
Withdrawn     KAUAET KAUAET 07/04/2012 512 10484 D Books
Withdrawn     KAUAET KAUAET 07/04/2012 512 10484 E Books
Withdrawn     KAUAET KAUAET 07/04/2012 512 10484 F Books
Withdrawn     KAUAET KAUAET 07/04/2012 512 10484 G Books
Withdrawn     KAUAET KAUAET 07/04/2012 512 10484 H Books
Withdrawn     KAUAET KAUAET 07/04/2012 512 10484 K Books
Withdrawn     KAUAET KAUAET 07/04/2012 512 10484 L Books
Withdrawn     KAUAET KAUAET 07/04/2012 512 10484 J Books
free website counter